"Grampian" and "British Railways Board" revisited - the use of pre-conditions in circumstance of uncertainty (Record no. 65918)

MARC details
000 -LEADER
fixed length control field 02000cam a2200277 4500
001 - CONTROL NUMBER
control field ABS63463
008 - FIXED-LENGTH DATA ELEMENTS--GENERAL INFORMATION
fixed length control field 000000n2001 000 0 eng u
035 ## - SYSTEM CONTROL NUMBER
System control number (Sirsi) u110621
100 ## - MAIN ENTRY--PERSONAL NAME
Personal name Jones, G.
245 ## - TITLE STATEMENT
Title "Grampian" and "British Railways Board" revisited - the use of pre-conditions in circumstance of uncertainty
260 ## - PUBLICATION, DISTRIBUTION, ETC.
Date of publication, distribution, etc. 2001
490 ## - SERIES STATEMENT
Series statement Journal of Planning and Environment Law
Volume/sequential designation January 2001, 24-30(7)
520 ## - SUMMARY, ETC.
Summary, etc. Considers the use of pre-conditions in the planning process in the light of "Grampian Regional Council v City of Aberdeen DC" (1983), "British Railways Board v SoS Environment" (1994)(ABS50018), DoE Circular 11/95, "Millington v SoS Environment and Shrewsbury and Atcham BC" (1999) and "Merritt v SoS Environment and Mendip DC" (2000) and describes the current state of the law as set out in these cases. Observes that it is not invalid to impose a negative condition even where there is no reasonable prospect of it being fulfilled within the time-limit of the permission, and that the fact that it is unlikely that a negative condition may be implemented may be a material consideration where there is a good planning reason. Dismisses the claim that the aim of the policy of the SoS is to avoid a build up of old, unimplemented planning permissions and that consequently planning authorities can only refuse to impose a 'Grampian' condition where even the imposition of other planning conditions would fail to prevent adverse planning consequences due to the unlikelihood of its fulfilment.
590 ## - LOCAL NOTE (RLIN)
Local note ABS
650 ## - SUBJECT ADDED ENTRY--TOPICAL TERM
Topical term or geographic name entry element BRITISH RAILWAYS BOARD V SOS ENVIRONMENT
650 ## - SUBJECT ADDED ENTRY--TOPICAL TERM
Topical term or geographic name entry element DOE CIRCULAR 11/1995
650 ## - SUBJECT ADDED ENTRY--TOPICAL TERM
Topical term or geographic name entry element GRAMPIAN RC V CITY OF ABERDEEN DC
650 ## - SUBJECT ADDED ENTRY--TOPICAL TERM
Topical term or geographic name entry element GRAMPIAN CONDITIONS
650 ## - SUBJECT ADDED ENTRY--TOPICAL TERM
Topical term or geographic name entry element MERRITT V SOS ENVIRONMENT
650 ## - SUBJECT ADDED ENTRY--TOPICAL TERM
Topical term or geographic name entry element MILLINGTON V SOS ENVIRONMENT AND ANOTHER
650 ## - SUBJECT ADDED ENTRY--TOPICAL TERM
Topical term or geographic name entry element NEGATIVE PRECONDITIONS
650 ## - SUBJECT ADDED ENTRY--TOPICAL TERM
Topical term or geographic name entry element NEWBURY DC V SOS ENVIRONMENT
690 ## - LOCAL SUBJECT ADDED ENTRY--TOPICAL TERM (OCLC, RLIN)
Topical term or geographic name as entry element Planning and development
9 (RLIN) 6259
700 ## - ADDED ENTRY--PERSONAL NAME
Personal name Abrahams, D.
942 ## - ADDED ENTRY ELEMENTS (KOHA)
Suppress in OPAC 0
Holdings
Withdrawn status Lost status Source of classification or shelving scheme Damaged status Not for loan Home library Current library Shelving location Date acquired Total Checkouts Full call number Barcode Date last seen Copy number Price effective from Koha item type
    Dewey Decimal Classification     London London Journal article 29/01/2001   ABS63463 110621-1001 06/08/2019 1 06/08/2019 Journal article